[Event "Premijer  Liga Crne Gore u sahu za 2015."]
[Site "Bar"]
[Date "2015.10.01"]
[Round "6.1"]
[White "Drasko, Milan"]
[Black "Simic, Dragisa"]
[Result "1-0"]
[WhiteElo "2446"]
[BlackElo "2309"]
[PlyCount "91"]
[EventDate "2015.09.26"]

1. Nf3 Nf6 2. g3 g6 3. Bg2 Bg7 4. O-O O-O 5. d4 d6 6. c4 c5 7. d5 b5 8. cxb5 a6
9. bxa6 Bf5 10. Nfd2 Nxa6 11. Nc3 Nb4 12. Nc4 Bc2 13. Qd2 Bb3 14. Na3 Bxd5 15.
Nxd5 Nbxd5 16. Nc4 e6 17. Rd1 Ra6 18. e4 Nb4 19. a3 d5 20. Rb1 Qc7 21. exd5
Nbxd5 22. Qc2 Rc8 23. Bf3 h6 24. Rd3 g5 25. Bd2 Kh8 26. Rd1 Kg8 27. b3 Kh8 28.
Bc1 Kg8 29. Bb2 Qe7 30. Qe2 Qf8 31. Be5 Kh8 32. Bxf6 Bxf6 33. Bxd5 exd5 34.
Rxd5 Re8 35. Qf3 Bd4 36. Rf5 Kg8 37. b4 Rae6 38. b5 Re2 39. Rf1 R8e4 40. Qd3
Qe7 41. b6 Qe6 42. b7 Qxf5 43. b8=Q+ Kg7 44. Qbb1 Rxf2 45. Kh1 Ree2 46. Qxe2
1-0

[Event "Premijer  Liga Crne Gore u sahu za 2015."]
[Site "Bar"]
[Date "2015.10.01"]
[Round "6.1"]
[White "Mrsevic, Miroslav"]
[Black "Lekic, Dusan"]
[Result "1/2-1/2"]
[WhiteElo "2268"]
[BlackElo "2377"]
[PlyCount "65"]
[EventDate "2015.09.26"]

1. e4 e5 2. Nf3 Nc6 3. Nc3 Nf6 4. Bb5 Bd6 5. d3 h6 6. a3 a6 7. Bc4 Bc5 8. Be3
d6 9. Bxc5 dxc5 10. h3 Qd6 11. O-O Ne7 12. Qd2 g5 13. b4 Ng6 14. Nd5 Nxd5 15.
Bxd5 c6 16. Bb3 cxb4 17. Qxb4 c5 18. Qd2 Nf4 19. Nh2 h5 20. Qe3 Rg8 21. Kh1 b6
22. Rad1 Bd7 23. Rfe1 Rd8 24. Bd5 Nxd5 25. exd5 Qxd5 26. Qxe5+ Qxe5 27. Rxe5+
Kf8 28. h4 Ba4 29. Rd2 Re8 30. Rxe8+ Kxe8 31. hxg5 Rxg5 32. Nf3 Rg6 33. d4
1/2-1/2

[Event "Premijer  Liga Crne Gore u sahu za 2015."]
[Site "Bar"]
[Date "2015.10.01"]
[Round "6.1"]
[White "Draganic, Veljko"]
[Black "Sukovic, Andrej"]
[Result "1-0"]
[WhiteElo "2375"]
[BlackElo "1999"]
[PlyCount "87"]
[EventDate "2015.09.26"]

1. e4 c5 2. Nf3 d6 3. d4 cxd4 4. Nxd4 Nf6 5. Nc3 a6 6. Bg5 Nbd7 7. Qe2 Qa5 8.
Bxf6 Nxf6 9. O-O-O g6 10. g3 Bg7 11. Bg2 O-O 12. h3 Bd7 13. Nb3 Qc7 14. g4 Bh6+
15. Kb1 Rac8 16. Rhf1 b5 17. Nd5 Nxd5 18. exd5 e5 19. dxe6 Bxe6 20. Bd5 Rfe8
21. Bxe6 Rxe6 22. Qd3 Bg7 23. Rd2 Rce8 24. Rfd1 Bh6 25. Nd4 Bxd2 26. Nxe6 fxe6
27. Rxd2 d5 28. a3 Qc4 29. Qe3 e5 30. Rd3 e4 31. Rd2 Rc8 32. b3 Qc6 33. h4 Rf8
34. h5 Rf3 35. Qg5 Qe6 36. h6 e3 37. fxe3 Qxe3 38. Qxd5+ Rf7 39. g5 Qe1+ 40.
Kb2 Qe3 41. Rd3 Qe2 42. Rc3 Qe8 43. Rc7 Kf8 44. Qc5+ 1-0

[Event "Premijer  Liga Crne Gore u sahu za 2015."]
[Site "Bar"]
[Date "2015.10.01"]
[Round "6.1"]
[White "Cetkovic, Miodrag"]
[Black "Todorovic, Jovan"]
[Result "0-1"]
[WhiteElo "2136"]
[BlackElo "2394"]
[PlyCount "95"]
[EventDate "2015.09.26"]

1. e4 c5 2. Nc3 Nc6 3. Nge2 d6 4. d4 cxd4 5. Nxd4 Nf6 6. Be3 e6 7. Bc4 a6 8.
Qe2 Qc7 9. Bb3 Na5 10. g4 b5 11. g5 Nd7 12. Rg1 Nc5 13. Bd5 Rb8 14. a3 Be7 15.
Rg3 Na4 16. Bd2 Nxb2 17. h4 Nbc4 18. Bc1 exd5 19. Nxd5 Qc5 20. Nb3 Qa7 21. Nxa5
Nxa5 22. Be3 Qd7 23. Bd4 Kf8 24. O-O-O Bb7 25. Nf4 Rc8 26. h5 Rg8 27. Kb1 Nc4
28. g6 hxg6 29. hxg6 f6 30. Rb3 Bd8 31. Nd3 Qe8 32. f3 Qxg6 33. Nf4 Qf7 34. Qg2
g5 35. Nd3 Qe6 36. Nf2 Rh8 37. Ng4 Rh4 38. Ne3 Nxe3 39. Rxe3 Be7 40. Bb2 Kf7
41. Qd2 Rch8 42. Rc3 Rh2 43. Qd4 Rc8 44. Qb6 Rxc3 45. Bxc3 Qc8 46. Kb2 Qc6 47.
Qd4 Qc5 48. Qd3 0-1

[Event "Premijer  Liga Crne Gore u sahu za 2015."]
[Site "Bar"]
[Date "2015.10.01"]
[Round "6.1"]
[White "Popadic, Dragan"]
[Black "Ratkovic, Milorad"]
[Result "1/2-1/2"]
[WhiteElo "2203"]
[BlackElo "2134"]
[PlyCount "50"]
[EventDate "2015.09.26"]

1. e4 c5 2. Nc3 e6 3. f4 a6 4. Nf3 Nc6 5. Be2 Qc7 6. d3 b5 7. O-O Nd4 8. Be3
Nxe2+ 9. Qxe2 Be7 10. Kh1 Bb7 11. Bd2 b4 12. Nd1 Nf6 13. c4 bxc3 14. Nxc3 d5
15. e5 Ng4 16. Rac1 Qd7 17. b3 Bc6 18. h3 h5 19. Ng5 Nh6 20. Qxh5 O-O-O 21.
Nxf7 g6 22. Qxg6 Nxf7 23. Qxf7 Rdf8 24. Qg6 Rfg8 25. Qf7 Rf8 1/2-1/2

[Event "Premijer  Liga Crne Gore u sahu za 2015."]
[Site "Bar"]
[Date "2015.10.01"]
[Round "6.2"]
[White "Bogosavljevic, Boban"]
[Black "Arsovic, Zoran"]
[Result "1-0"]
[WhiteElo "2520"]
[BlackElo "2421"]
[PlyCount "125"]
[EventDate "2015.09.26"]

1. d4 Nf6 2. Nf3 e6 3. g3 c5 4. Bg2 Qa5+ 5. Nbd2 cxd4 6. O-O Be7 7. Nxd4 O-O 8.
c4 Qc5 9. Nb5 d5 10. a4 a6 11. Nb3 Qb6 12. Be3 Qd8 13. Nc3 dxc4 14. Qxd8 Rxd8
15. Na5 Nc6 16. Nxc4 Bd7 17. a5 Be8 18. Bf4 Nd7 19. Bxc6 bxc6 20. Bc7 Rdc8 21.
Nb6 Rxc7 22. Nxa8 Rb7 23. Na4 Bd8 24. Rfd1 Rb8 25. N8b6 Nxb6 26. axb6 Bxb6 27.
Nxb6 Rxb6 28. Rd8 Kf8 29. Ra2 Ke7 30. Ra8 c5 31. R8xa6 Rb4 32. Ra7+ Kd6 33. f3
g5 34. Kf2 h5 35. Ra8 Bc6 36. Rd8+ Ke7 37. Rd2 g4 38. Ra7+ Kf6 39. Rc7 Bd5 40.
Rxc5 h4 41. Ke3 Ke5 42. Rc3 f5 43. f4+ Kd6 44. b3 Ke7 45. Rd4 Rb8 46. b4 Kd6
47. Ra3 Rh8 48. Ra6+ Kc7 49. Kd2 hxg3 50. hxg3 Rh1 51. Ra3 Rb1 52. Rc3+ Kb6 53.
Re3 Kc6 54. Re5 Rb3 55. Re3 Rb1 56. Kc2 Ra1 57. Rd1 Ra2+ 58. Kc3 Kb5 59. Kd4
Rb2 60. Ke5 Bc4 61. Rd8 Kb6 62. Rd6+ Kc7 63. Rxe6 1-0

[Event "Premijer  Liga Crne Gore u sahu za 2015."]
[Site "Bar"]
[Date "2015.10.01"]
[Round "6.2"]
[White "Arsovic, Goran"]
[Black "Miljkovic, Miroslav D"]
[Result "1/2-1/2"]
[WhiteElo "2389"]
[BlackElo "2493"]
[PlyCount "46"]
[EventDate "2015.09.26"]

1. d4 Nf6 2. Nf3 d5 3. c4 c6 4. e3 Bg4 5. Nc3 e6 6. Qb3 Qb6 7. Nh4 Bh5 8. h3
Nbd7 9. g4 Bg6 10. Nxg6 hxg6 11. Bg2 Be7 12. Bd2 g5 13. O-O-O O-O-O 14. Qa4
dxc4 15. Qxc4 Qc7 16. Kb1 Ne8 17. Ne4 Kb8 18. Rc1 Rc8 19. Qa4 Nb6 20. Qb3 Nd5
21. Nc5 Bxc5 22. Rxc5 Nef6 23. Rc2 Ka8 1/2-1/2

[Event "Premijer  Liga Crne Gore u sahu za 2015."]
[Site "Bar"]
[Date "2015.10.01"]
[Round "6.2"]
[White "Miljanic, Boro"]
[Black "Vlatkovic, Milos"]
[Result "1-0"]
[WhiteElo "2378"]
[BlackElo "2333"]
[PlyCount "135"]
[EventDate "2015.09.26"]

1. e4 e5 2. Nf3 Nf6 3. d4 exd4 4. e5 Ne4 5. Qxd4 d5 6. exd6 Nxd6 7. Bd3 Nc6 8.
Qf4 g6 9. O-O Bg7 10. Re1+ Be6 11. Nc3 O-O 12. Be3 Qf6 13. Ng5 Rfe8 14. Qxf6
Bxf6 15. Nxe6 fxe6 16. Ne4 Nxe4 17. Bxe4 Bxb2 18. Rab1 Bc3 19. Red1 Rad8 20.
Rd3 Rxd3 21. cxd3 Nb4 22. Rb3 Nd5 23. Bxd5 exd5 24. Rxc3 d4 25. Rxc7 dxe3 26.
Kf1 exf2 27. Rxb7 Rd8 28. Rb3 Rf8 29. Rb2 Rd8 30. Rd2 Kf7 31. Kxf2 Ke6 32. Re2+
Kd6 33. Ke3 Ke5 34. Rb2 Rd5 35. Rb4 Rd7 36. g4 h6 37. Rb5+ Kf6 38. Ra5 Re7+ 39.
Kf4 g5+ 40. Kf3 Kg6 41. Ra6+ Kg7 42. Rd6 Rf7+ 43. Kg3 Rc7 44. a4 a5 45. Rd5 Rc3
46. h4 Kf6 47. Rf5+ Kg6 48. h5+ Kg7 49. Rd5 Ra3 50. Rd4 Kf6 51. Kf3 Ke5 52. Ke3
Ra1 53. Rc4 Kd5 54. Kd2 Ra2+ 55. Ke3 Ra1 56. Rd4+ Ke5 57. Rd7 Rxa4 58. d4+ Ke6
59. Rh7 Kd5 60. Rxh6 Ra3+ 61. Kf2 Ra2+ 62. Kf1 Ra1+ 63. Ke2 Ra2+ 64. Ke3 Ra3+
65. Kd2 Rg3 66. Ra6 Rxg4 67. Rxa5+ Kxd4 68. Ra4+ 1-0

[Event "Premijer  Liga Crne Gore u sahu za 2015."]
[Site "Bar"]
[Date "2015.10.01"]
[Round "6.2"]
[White "Geler, Aleksandar"]
[Black "Kontic, Djordjije"]
[Result "1/2-1/2"]
[WhiteElo "2229"]
[BlackElo "2314"]
[PlyCount "20"]
[EventDate "2015.09.26"]

1. d4 f5 2. g3 Nf6 3. Bg2 d6 4. Nh3 g6 5. O-O Bg7 6. c3 e6 7. Nd2 Nc6 8. Qb3 d5
9. Nf3 O-O 10. Nf4 Ne4 1/2-1/2

[Event "Premijer  Liga Crne Gore u sahu za 2015."]
[Site "Bar"]
[Date "2015.10.01"]
[Round "6.2"]
[White "Milovic, Jovan"]
[Black "Petijevic, Vaso"]
[Result "1-0"]
[WhiteElo "2338"]
[BlackElo "2267"]
[PlyCount "117"]
[EventDate "2015.09.26"]

1. Nf3 Nf6 2. g3 b6 3. Bg2 Bb7 4. O-O e6 5. d3 d5 6. e4 dxe4 7. Ng5 h6 8. Nxe4
Nxe4 9. dxe4 Qxd1 10. Rxd1 Nd7 11. Bf4 O-O-O 12. Nc3 Be7 13. a4 a6 14. Rdb1 Bg5
15. Ne2 e5 16. Bxg5 hxg5 17. Nc3 Nf6 18. Rd1 Rxd1+ 19. Rxd1 Rd8 20. f3 Rxd1+
21. Nxd1 a5 22. Ne3 Ne8 23. Nf5 Kd8 24. Kf2 Bc6 25. b3 g6 26. Nh6 Ke7 27. Ng4
f6 28. Ne3 Bd7 29. Bf1 f5 30. Bd3 f4 31. Nd5+ Kd6 32. h4 fxg3+ 33. Kxg3 gxh4+
34. Kxh4 Be6 35. Ne3 Kc5 36. Kg5 Kd4 37. Ng4 Bxb3 38. Bb5 Bf7 39. c3+ Kxc3 40.
Nxe5 Nd6 41. Nxf7 Nxf7+ 42. Kf6 Nd8 43. e5 c6 44. Ba6 Kd4 45. f4 Ke4 46. e6
Nxe6 47. Kxe6 Kxf4 48. Kd7 b5 49. Bxb5 cxb5 50. axb5 g5 51. b6 g4 52. b7 g3 53.
b8=Q+ Kf3 54. Qa8+ Kf2 55. Qf8+ Ke1 56. Qe7+ Kf2 57. Qf6+ Kg1 58. Qa1+ Kh2 59.
Qxa5 1-0

[Event "Premijer  Liga Crne Gore u sahu za 2015."]
[Site "Bar"]
[Date "2015.10.01"]
[Round "6.3"]
[White "Brenjo, Slavisa"]
[Black "Rapport, Richard"]
[Result "0-1"]
[WhiteElo "2458"]
[BlackElo "2649"]
[PlyCount "64"]
[EventDate "2015.09.26"]

1. e4 e6 2. d4 d5 3. Nc3 Bb4 4. Nge2 Nf6 5. e5 Nfd7 6. a3 Be7 7. Qd3 O-O 8. Qg3
Kh8 9. h4 c5 10. Be3 Nc6 11. f4 Nb6 12. b3 Nd7 13. dxc5 f6 14. Nd4 Nxc5 15. b4
Nxd4 16. Bxd4 Nd7 17. Bd3 fxe5 18. fxe5 a5 19. Rb1 axb4 20. axb4 Nb8 21. b5 Nd7
22. h5 Bg5 23. h6 gxh6 24. Nxd5 Ra4 25. Nb4 Rf4 26. c3 Bh4 27. Rxh4 Rxh4 28.
Ke2 Qe7 29. Rf1 Rxb4 30. cxb4 Rxd4 31. Qe3 Rg4 32. Rf2 Qg5 0-1

[Event "Premijer  Liga Crne Gore u sahu za 2015."]
[Site "Bar"]
[Date "2015.10.01"]
[Round "6.3"]
[White "Perunovic, Milos"]
[Black "Savic, Miodrag R"]
[Result "1/2-1/2"]
[WhiteElo "2614"]
[BlackElo "2503"]
[PlyCount "21"]
[EventDate "2015.09.26"]

1. e4 e5 2. Nf3 Nc6 3. Bb5 a6 4. Ba4 Nge7 5. Nc3 Ng6 6. h4 Bc5 7. d3 h6 8. h5
Nge7 9. Be3 Bxe3 10. fxe3 d6 11. Qe2 1/2-1/2

[Event "Premijer  Liga Crne Gore u sahu za 2015."]
[Site "Bar"]
[Date "2015.10.01"]
[Round "6.3"]
[White "Perosevic, Aleksandar"]
[Black "Kosic, Dragan"]
[Result "0-1"]
[WhiteElo "2159"]
[BlackElo "2468"]
[PlyCount "54"]
[EventDate "2015.09.26"]

1. e4 e6 2. d4 d5 3. Nc3 Nf6 4. e5 Nfd7 5. f4 c5 6. Nf3 Nc6 7. Be3 Be7 8. Qd2
b6 9. Bb5 Bb7 10. O-O a6 11. Be2 O-O 12. Kh1 f5 13. exf6 Nxf6 14. Ne5 Nxd4 15.
Bxd4 cxd4 16. Qxd4 Bc5 17. Qd3 d4 18. Nd1 Nd5 19. Qg3 Qc7 20. Bd3 Rf6 21. Nf2
Raf8 22. Nfg4 Rxf4 23. Rxf4 Nxf4 24. Re1 Bd6 25. Qh4 Bxg2+ 26. Kg1 Nxd3 27.
cxd3 Bd5 0-1

[Event "Premijer  Liga Crne Gore u sahu za 2015."]
[Site "Bar"]
[Date "2015.10.01"]
[Round "6.4"]
[White "Blagojevic, Dragisa"]
[Black "Ivanisevic, Ivan"]
[Result "0-1"]
[WhiteElo "2486"]
[BlackElo "2658"]
[PlyCount "48"]
[EventDate "2015.09.26"]

1. d4 Nf6 2. c4 e6 3. Nf3 c5 4. d5 d6 5. Nc3 exd5 6. cxd5 g6 7. h3 Bg7 8. e4
O-O 9. Bd3 Re8 10. O-O Nbd7 11. Bf4 c4 12. Bc2 Nc5 13. Re1 b5 14. a3 Qb6 15. e5
dxe5 16. Bxe5 Bb7 17. Qd4 Rad8 18. d6 Re6 19. Ng5 Rxe5 20. Qxe5 h6 21. Nf3 Nfe4
22. Qf4 Nxf2 23. Re7 Nxh3+ 24. gxh3 Ne6+ 0-1

[Event "Premijer  Liga Crne Gore u sahu za 2015."]
[Site "Bar"]
[Date "2015.10.01"]
[Round "6.4"]
[White "Markus, Robert"]
[Black "Potpara, Nikola"]
[Result "1-0"]
[WhiteElo "2621"]
[BlackElo "2406"]
[PlyCount "79"]
[EventDate "2015.09.26"]

1. d4 Nf6 2. c4 e6 3. Nf3 b6 4. g3 Ba6 5. b3 Bb7 6. Bg2 Bb4+ 7. Bd2 a5 8. O-O
O-O 9. Qc2 Qe7 10. Nc3 d6 11. Rfe1 Bxc3 12. Bxc3 Be4 13. Qc1 Nbd7 14. Qf4 c6
15. Bf1 h6 16. Nd2 g5 17. Qe3 d5 18. f3 Bg6 19. Qf2 Rfd8 20. e4 dxe4 21. Nxe4
Nxe4 22. fxe4 e5 23. d5 Nc5 24. Qf3 Rd6 25. Bg2 Nb7 26. a3 c5 27. b4 axb4 28.
axb4 Rxa1 29. Rxa1 Rf6 30. Ra8+ Kg7 31. Qg4 cxb4 32. Qc8 Bh7 33. Bb2 Nd8 34. h3
Rd6 35. Qb8 Kg6 36. Ra7 Qf6 37. Qc7 h5 38. Ra1 Nc6 39. Rf1 Qe7 40. Qxe7 1-0

[Event "Premijer  Liga Crne Gore u sahu za 2015."]
[Site "Bar"]
[Date "2015.10.01"]
[Round "6.4"]
[White "Milanovic, Slavisa"]
[Black "Djukic, Nikola"]
[Result "1/2-1/2"]
[WhiteElo "2381"]
[BlackElo "2546"]
[PlyCount "68"]
[EventDate "2015.09.26"]

1. c4 g6 2. d4 Nf6 3. Nc3 Bg7 4. e4 d6 5. h3 O-O 6. Bg5 Qe8 7. Nf3 e5 8. dxe5
dxe5 9. Nd5 Nxd5 10. cxd5 c6 11. Bc4 cxd5 12. Bxd5 Nc6 13. O-O Nb4 14. Bb3 Be6
15. Qd6 Nc6 16. Bd5 h6 17. Bxc6 Qxc6 18. Qxc6 bxc6 19. Be7 Rfb8 20. b3 f5 21.
Rac1 fxe4 22. Nd2 Rb7 23. Bc5 a5 24. Nxe4 a4 25. Be3 axb3 26. axb3 Bd5 27. Nc5
Rb5 28. Ra1 Rba5 29. Rxa5 Rxa5 30. b4 Ra2 31. Rb1 Bc4 32. Rc1 Bd5 33. Rb1 Bc4
34. Rc1 Bd5 1/2-1/2

[Event "Premijer  Liga Crne Gore u sahu za 2015."]
[Site "Bar"]
[Date "2015.10.01"]
[Round "6.4"]
[White "Kalezic, Blazo"]
[Black "Rajkovic, Dusan"]
[Result "1/2-1/2"]
[WhiteElo "2435"]
[BlackElo "2367"]
[PlyCount "30"]
[EventDate "2015.09.26"]

1. e4 c5 2. Nf3 e6 3. d4 cxd4 4. Nxd4 Nc6 5. Nc3 Qc7 6. Be2 Nf6 7. O-O Be7 8.
Be3 O-O 9. f4 d6 10. Kh1 Nxd4 11. Bxd4 e5 12. Be3 b6 13. fxe5 dxe5 14. Qe1 Bb7
15. Bd3 Rad8 1/2-1/2

[Event "Premijer  Liga Crne Gore u sahu za 2015."]
[Site "Bar"]
[Date "2015.10.01"]
[Round "6.4"]
[White "Nikac, Predrag"]
[Black "Krstonijevic, Stjepan"]
[Result "1/2-1/2"]
[WhiteElo "2249"]
[BlackElo "2134"]
[PlyCount "81"]
[EventDate "2015.09.26"]

1. g3 d5 2. f4 g6 3. Nf3 Bg7 4. Bg2 Nf6 5. O-O O-O 6. d3 c6 7. Nc3 Ng4 8. h3
Qb6+ 9. d4 Nh6 10. e4 dxe4 11. Nxe4 Nf5 12. c3 Nd6 13. Qe1 Na6 14. Nxd6 exd6
15. g4 f5 16. g5 Qd8 17. h4 Re8 18. Qf2 Be6 19. h5 Bc4 20. Re1 Bd5 21. Nh4 Bxg2
22. Kxg2 Kf7 23. Bd2 Qd7 24. Rxe8 Rxe8 25. Re1 Nc7 26. h6 Bf8 27. c4 Rxe1 28.
Qxe1 Qe7 29. Qxe7+ Bxe7 30. Nf3 Ne6 31. Kf2 Bd8 32. Be3 Nf8 33. d5 c5 34. Ke2
Nd7 35. Kd3 Ba5 36. a3 a6 37. b3 Kf8 38. Bc1 Kf7 39. Bb2 Ke7 40. Bc3 Bxc3 41.
Kxc3 1/2-1/2